Statystyki dla Państwa najbliższe Jemenu

Kliknij tutaj aby rozwiązać quiz!

Ogólne statystyki

  • Ten quiz został rozwiązany 79 razy
  • Średni wynik to 12 z 15

Statystyki odpowiedzi

kmPaństwo% Poprawnych
0Arabia Saudyjska
100%
0Oman
100%
461Zjednoczone Emiraty
Arabskie
90%
879Egipt
86%
612Katar
86%
94Somalia
82%
109Etiopia
81%
1 251Irak
81%
930Iran
79%
479Sudan
79%
20Dżibuti
77%
38Erytrea
77%
771Bahrajn
75%
1 073Sudan Południowy
73%
1 203Pakistan
48%

Rozkład punktacji

Percentyl według liczby udzielonych odpowiedzi

Procent ludzi z każdym wynikiem

Twoja historia wyników

Nie rozwiązałeś tego quizu